[Event "GER Pfingstopen U25"]
[Site "Playchess.com INT"]
[Date "2020.06.02"]
[Round "11"]
[White "Koelle, Tobias"]
[Black "Joeres, Stefan"]
[Result "1/2-1/2"]
[WhiteElo "2363"]
[BlackElo "2085"]
[PlyCount "105"]
[EventDate "2020.06.02"]
[EventType "swiss (blitz)"]
[EventRounds "11"]
[EventCountry "GER"]
[SourceTitle "CBM 197 Extra"]
[Source "ChessBase"]
[SourceDate "2020.09.30"]
[SourceVersion "1"]
[SourceVersionDate "2020.09.30"]
[SourceQuality "1"]

1. d4 d5 2. c4 c6 3. Nf3 Nf6 4. Qc2 dxc4 5. Qxc4 Bf5 6. g3 e6 7. Bg2 Nbd7 8. 0-0 Be7 9. Qb3 Qb6 10. Nbd2 Ne4 11. Nc4 Qxb3 12. axb3 Nd6 13. Bf4 Nxc4 14. bxc4 Be4 15. Ne5 Bxg2 16. Kxg2 Nxe5 17. Bxe5 f6 18. Bf4 Kf7 19. Rfd1 Rhd8 20. h4 a6 21. Rd3 Rac8 22. Rad1 b5 23. b3 Rd7 24. Rc3 Ra8 25. cxb5 cxb5 26. Rc6 a5 27. Rb6 a4 28. Rxb5 a3 29. Be3 Rc7 30. Ra1 Rc2 31. Kf3 a2 32. b4 Rb2 33. Ra5 Rb8 34. R5xa2 Rxa2 35. Rxa2 Rxb4 36. Ra7 Rc4 37. Rb7 h5 38. Ke4 Rc6 39. Bd2 Rc4 40. Kd3 Ra4 41. Bc3 Kf8 42. Rb8+ Kf7 43. Rh8 Kg6 44. Rb8 Kf7 45. Rb7 Kf8 46. e3 Ra2 47. Rb2 Ra7 48. Bb4 Bxb4 49. Rxb4 Ra2 50. f4 Rg2 51. Rb8+ Kf7 52. Rb7+ Kf8 53. Rb8+ 1/2-1/2